| 000 | 00482nam a2200205Ia 4500 | ||
|---|---|---|---|
| 999 |
_c16047 _d16047 |
||
| 003 | 0100 | ||
| 005 | 20170228083934.0 | ||
| 008 | 130303s9999 xx 000 0 und d | ||
| 020 | _a0140390340 | ||
| 040 | _cARRUPELIB | ||
| 050 | _aBR110.J3 1961 | ||
| 100 |
_aJames, William _929089 |
||
| 245 | 4 | _aThe Varieties of religious experience | |
| 260 | _aNew York | ||
| 260 | _bPenguin books | ||
| 300 | _axlii | ||
| 300 | _b 534p. 22cm. | ||
| 440 |
_aPenguin classics _929090 |
||
| 650 |
_aReligion _929091 |
||
| 650 |
_aPhilosophy and religion _929092 |
||
| 650 |
_aConversion _91617 |
||
| 650 |
_aPsychology, Religious _929093 |
||
| 942 |
_2lcc _cMONOGRAPH |
||